Guía del estudiante 2012/13 /
Guardado en:
| Formato: | Libro |
|---|---|
| Publicado: |
Buenos Aires :
Eudeba,
2012
|
| Series: | Guías
|
| Materias: | |
| Etiquetas: |
Agregar Etiqueta
Sin Etiquetas, Sea el primero en etiquetar este registro!
|
| LEADER | 00678nam a22001935a 4500 | ||
|---|---|---|---|
| 001 | CEM.cems013700 | ||
| 005 | 20120619124911.0 | ||
| 008 | 130507s2012##################000#0#####d | ||
| 003 | CEMS | ||
| 020 | |a 9789502319445 | ||
| 082 | 0 | 4 | |a 378.982 |
| 245 | 0 | 0 | |a Guía del estudiante 2012/13 / |c [dirección Técnica Programa de Orientación Al Estudiante] |
| 260 | |a Buenos Aires : |b Eudeba, |c 2012 | ||
| 300 | |a 1168 p. | ||
| 490 | 0 | |a Guías | |
| 505 | 0 | |a Incluye todas las carreras del País, incluidos planes de estudio de la UBA.- | |
| 653 | |a Guía del estudiante 2012 | ||
| 653 | |a Orientación vocacional | ||
| 859 | |a CEMS |b BIB. CEMS - 11 de abril |h 378.982 |i G94 |p 26429.12 |t Ej.1 |v 2012/13 |3 2012/13 | ||
